| 000 | 00742nam a2200205 a 4500 | ||
|---|---|---|---|
| 005 | 20210223131050.0 | ||
| 008 | 090806s2007 mx r 000 0 spa d | ||
| 020 | _a8487066751 (10 dígitos) | ||
| 020 | _a9788487066753 (13 dígitos) | ||
| 035 | _aUPN01000171744 | ||
| 049 | _aCG | ||
| 050 | 4 |
_aNK1548 _bD5.7 |
|
| 245 | 0 | 0 |
_aDiseño de estampados : _bguía completa para elegir el color y el diseño de estampados, para moda, diseño gráfico y comunicación visual / _ctr. Remedios Diéguez Diéguez. |
| 260 |
_aBarcelona, Esp. : _bBlume, _cc2007. |
||
| 300 |
_a208 p. : _btodas il. col. |
||
| 534 |
_pTítulo original: _tPattern & palette |
||
| 650 | 4 |
_aCOLORES _96786 |
|
| 650 | 4 |
_aDISEÑO GRAFICO - _vCATALOGOS _914416 |
|
| 905 | _aLibro | ||
| 999 |
_c143848 _d143848 |
||